| 000 | 00537nam a22001817a 4500 | ||
|---|---|---|---|
| 999 |
_c165543 _d165543 |
||
| 005 | 20190621150001.0 | ||
| 010 | _aB-125696 | ||
| 020 |
_a9780199494262 _c325.00 |
||
| 035 | _aEN-109228 | ||
| 037 | _bDBAD/PUB | ||
| 082 | _a327.54 | ||
| 100 | _aGanguly, sumit | ||
| 245 |
_aIndian foreign policy/ _cby Sumit Ganguly |
||
| 260 |
_aNew Delhi _bOxford university press _c2019 |
||
| 270 |
_a2/11 Gounds floor, Ansari Road, _bDhayaganj, New Delhi _e110002 |
||
| 300 |
_a206p. _c19cm(pbk) |
||
| 942 |
_2ddc _cEN _h327.54 _mGAN |
||